تاريخ العلوم ومنهجيتها : برامج البحث والبناء العقلاني الجديد = Histoire et methodologie des sciences /

يمثل هذا الكتاب محصلة لأعمال الندوة المصرية الفرنسية الثالثة التى انعقدت بالقاهرة فى الفترة من 29 سبتمبر الى اول اكتوبر 1990 فى موضوع التحولات الديمقراطية فى الوطن العربى....

全面介绍

Saved in:
书目详细资料
主要作者: لاكتوس، إيمر
其他作者: أسعد، وجيه، (مترجم.)
格式: 图书
语言:阿拉伯语
出版: دمشق : منشورات الهيئة العامة السورية للكتاب، 2011.
丛编:دراسات فكرية ؛ 3
主题:
标签: 添加标签
没有标签, 成为第一个标记此记录!

MARC

LEADER 00000nam a22000007a 4500
003 INP
005 20201005132603.0
008 171231s2011 sy ||||fr|||| 00| 0 ara d
952 |0 0  |1 0  |4 0  |6 509_000000000000000_ل_ت  |7 0  |8 arabic_Boo  |9 20708  |a INP  |b INP  |c MAIN  |d 2020-09-08  |l 0  |o 509 ل ت  |p 021527  |r 2022-03-28 00:00:00  |w 2020-09-08  |y BK 
999 |c 16760  |d 16760 
040 |a EG-INP  |b ara  |c EG-INP 
082 0 4 |2 21  |a 509  |b ل ت 
100 1 |a  لاكتوس، إيمر 
245 1 0 |a تاريخ العلوم ومنهجيتها :   |b  برامج البحث والبناء العقلاني الجديد = Histoire et methodologie des sciences /   |c تأليف إيمر لاكتوس ؛ ترجمة وجيه أسعد 
260 |a دمشق :   |b منشورات الهيئة العامة السورية للكتاب،   |c 2011. 
300 |a 367 ص. ؛   |c 24 سم. 
490 |a دراسات فكرية ؛   |v 3 
520 |a يمثل هذا الكتاب محصلة لأعمال الندوة المصرية الفرنسية الثالثة التى انعقدت بالقاهرة فى الفترة من 29 سبتمبر الى اول اكتوبر 1990 فى موضوع التحولات الديمقراطية فى الوطن العربى. 
650 7 |2 qramk  |a مناهد البحث العلمى 
650 7 |2 qrmark  |a البناء العقلى 
650 7 |2 qramk  |a العلوم التطبيقية   |x تاريخ 
650 7 |2 qramk  |a العلوم والتكنولوجيا 
700 1 |a  أسعد، وجيه،   |e مترجم. 
901 |a EGPV2 
903 |a original 
942 |2 ddc  |c BK